000 00205nam a22000857a 4500
008 170202b xxu||||| |||| 00| 0 eng d
100 _92744
_aCBSE
245 _aScience Q.B.-IX
260 _aNew Delhi
_bOswall
_c2010
999 _c5927
_d5927